| 000 | 00671nam a22001937a 4500 | ||
|---|---|---|---|
| 999 |
_c165412 _d165412 |
||
| 005 | 20190617165317.0 | ||
| 010 | _aUR-10210 | ||
| 020 |
_c200.00 _a9789387829626 |
||
| 035 | _aU-8765 | ||
| 037 | _bDBAD/PUB | ||
| 082 | _a841 | ||
| 100 | _aا يلز بتھ کو ر ين مو نا | ||
| 245 |
_aقو س قز ح _cا يلز بتھ کو ر ين مو نا |
||
| 246 |
_bQaus-e-Quzah (Urdu) _aby Elizabeth Kurian `Mona` |
||
| 260 |
_a Delhi _bEducational Publishing House _c2018 ء |
||
| 270 |
_a3191،Vakil Street,Kucha Pandit,Lal Kuan, _bDelhi _e110006 _k23216162 _l00911123211540 |
||
| 300 |
_a111 ص _c22 Cm(Hb) |
||
| 942 |
_2ddc _cUR _h841 _mم و ن |
||